Nuevo rebrote de dengue, viejos males

Đã lưu trong:
Chi tiết về thư mục
Định dạng: Texto
Những chủ đề:
Các nhãn: Thêm thẻ
Không có thẻ, Là người đầu tiên thẻ bản ghi này!

MARC

LEADER 00000 a a2200000 04500
001 6582
003
040
245 |a Nuevo rebrote de dengue, viejos males  
650 |a SISTEMA DE SALUD  
650 |a EL SALVADOR  
773 |g volumen 23, número 1005; páginas 8-9  
999 |c 22966  |d 22966